Statistiken für Größte Städte Bayerns

Klicken Sie hier um das Quiz zu spielen!

Allgemein

  • Dieses Quiz wurde 6.381 mal gespielt
  • Das Durchschnittsergebnis liegt bei 10 aus 16

Antwortstatistiken

BevölkerungStadt% Korrekt
1'456'039München
100%
515'201Nürnberg
97%
292'851Augsburg
90%
150'894Regensburg
81%
135'244Ingolstadt
77%
126'635Würzburg
75%
126'526Fürth
69%
77'179Bamberg
62%
73'999Bayreuth
61%
110'998Erlangen
57%
63'080Rosenheim
55%
69'928Aschaffenburg
49%
57'727Neu-Ulm
43%
53'437Schweinfurt
43%
71'193Landshut
42%
68'330Kempten (Allgäu)
42%

Verteilung der Resultate

Perzentil nach korrekt beantworteten Fragen

Anzahl Personen mit jedem Resultat

Ihre Resultats-Entwicklung

Sie haben dieses Quiz noch nicht gespielt